Entry Personal Name
Number of records used in: 1
001 - CONTROL NUMBER
003 - CONTROL NUMBER IDENTIFIER
005 - DATE AND TIME OF LATEST TRANSACTION
- control field:
20230915152347.0
008 - FIXED-LENGTH DATA ELEMENTS
- fixed length control field:
960730n| acannaab| |n aaa c
010 ## - LIBRARY OF CONGRESS CONTROL NUMBER
- LC control number:
no 96038000
035 ## - SYSTEM CONTROL NUMBER
- System control number:
(OCoLC)oca04129747
040 ## - CATALOGING SOURCE
- Original cataloging agency:
NcU
- Transcribing agency:
NcU
100 10 - HEADING--PERSONAL NAME
- Personal name:
McGregor, Stephen J.
670 ## - SOURCE DATA FOUND
- Source citation:
Topographic modeling of habitat suitability in the alpine tundra ecosystem, 1995:
- Information found:
t.p. (Stephen J. McGregor, Ph.D., Dept. of Geography, University of North Carolina at Chapel Hill)